00764nam a22001931 450000500170000000800410001701000170005802000270007503500170010203700250011904000180014408200100016224501750017226000420034727001130038930000310050270000200053370000170055320050808122104.0721219s1962 nyu | 00| 0 eng  aB-340651-663 a9788170005490c1175.00 aB-340651-663 bEss Ess Publications adplbEnglish  a021.6 aLibrary and information systems :cedited by K.S.Raghavan [and] K.N.Prasadbfrom Alexandrian heritage to social networking : essays in honour of Prof. S. Parthasarathy / aNew DelhibEss Ess Publicationsc2009 a4837/24, Ansari Road, Daryaganj, b New Delhie110002k23260807,41563444l41563334minfo@essessreference.com axvii, 450 p.c23 cm. (Hb)  aRaghavan, K. S. aPrasad, K.N.